Historia argentina contemporánea /

Guardado en:
Autor Principal: Friedmann, Germán
Otros Autores: Galiana, Sergio, López, Guadalupe, Persello, Ana Virginia
Formato: Libro
Publicado: Buenos Aires, Puerto de Palos. 2001 :
Series:Activa
Materias:
Etiquetas: Agregar Etiqueta
Sin Etiquetas, Sea el primero en etiquetar este registro!
LEADER 01487nam a22003015a 4500
001 CEM.cems011039
008 130507b2001##################000#0#####d
005 20211215171900.0
003 CEMS
245 1 0 |a Historia argentina contemporánea /  |c Germán Friedmann ... [et Al.] 
260 |a Buenos Aires,  |c 2001 :  |b Puerto de Palos. 
300 |a 340 p. 
490 0 |a Activa 
505 0 |a Revolución, independencia y anarquía 1810-1820 -- Anarquía y guerra civil 1820-1829 -- La república rosista 1829-1852 -- La república organizada 1852-1880 -- La república conservadora 1880-1916 -- La república radical 1916-1930 -- La república infame 1930-1943 -- La república peronista 1943-1955 -- La república condicionada 1955-1976 -- El proceso de reorganización nacional 1976-1983 -- La república restaurada 1983-1999 
020 |a 9875470309 
100 1 |a Friedmann, Germán 
700 1 |a Galiana, Sergio 
700 1 |a López, Guadalupe 
700 1 |a Persello, Ana Virginia 
082 0 4 |a 982.06 
653 |a Historia 
653 |a Historia argentina 
859 |a CEMS  |b BIB. CEMS - 11 de abril  |h 982.06  |i F914  |p 21836.02  |t Ej.1 
859 |a CEMS  |b BIB. CEMS - Agricultura  |h 982  |i F914  |p A0625.06  |t Ej.1 
859 |a CEMS  |b BIB. CEMS - 11 de abril  |h 982.06  |i F914  |p 22476.04  |t Ej.2 
859 |a CEMS  |b BIB. CEMS - Agricultura  |h 982  |i F914  |p A0703.07  |t Ej.2 
859 |a CEMS  |b BIB. CEMS - 11 de abril  |h 982.06  |i F914  |p 22683.04  |t Ej.3 
859 |a CEMS  |b BIB. CEMS - Agricultura  |h 982  |i F914  |p A0704.07  |t Ej.3